Online
Catalog

El burrito de María / (Record no. 22887)

MARC details
000 -CABECERA
campo de control de longitud fija 00625nam a2200193 a 4500
001 - NÚMERO DE CONTROL
campo de control 000023390
005 - FECHA Y HORA DE LA ÚLTIMA TRANSACCIÓN
campo de control 20200930022203.0
008 - DATOS DE LONGITUD FIJA--INFORMACIÓN GENERAL
campo de control de longitud fija 101206s1967 sp a r 000 f spa d
040 ## - FUENTE DE LA CATALOGACIÓN
Centro catalogador/agencia de origen DO-SdBNP
Lengua de catalogación spa
Centro/agencia transcriptor BNPHU
082 ## - NÚMERO DE LA CLASIFICACIÓN DECIMAL DEWEY
Número de clasificación 839.736
Número de documento/Ítem S456b
100 1# - ENTRADA PRINCIPAL--NOMBRE DE PERSONA
Nombre de persona Sehlin, Gunhild,
9 (RLIN) 48186
240 10 - TÍTULO UNIFORME
Título uniforme Marias lilla asna.
Lenguaje de la obra Español.
245 13 - MENCIÓN DE TÍTULO
Título El burrito de María /
Mención de responsabilidad, etc. Gunhild Sehlin ; traducción de Mariano Orta Manzano.
260 ## - PUBLICACIÓN, DISTRIBUCIÓN, ETC.
Lugar de publicación, distribución, etc. Barcelona :
Nombre del editor, distribuidor, etc. Juventud,
Fecha de publicación, distribución, etc. 1967.
300 ## - DESCRIPCIÓN FÍSICA
Extensión 113, [1] p. :
Otras características físicas il. ;
Dimensiones 20 cm.
650 #4 - PUNTO DE ACCESO ADICIONAL DE MATERIA--TÉRMINO DE MATERIA
Término de materia o nombre geográfico como elemento de entrada Novela sueca
9 (RLIN) 32951
650 #4 - PUNTO DE ACCESO ADICIONAL DE MATERIA--TÉRMINO DE MATERIA
Término de materia o nombre geográfico como elemento de entrada Literatura sueca
9 (RLIN) 44676
700 1# - PUNTO DE ACCESO ADICIONAL--NOMBRE DE PERSONA
Nombre de persona Orta Manzano, Mariano,
Término indicativo de función/relación tr.
9 (RLIN) 48187
Holdings
Estado de retiro Estado de pérdida Restricciones de uso No para préstamo Código de colección Localización permanente Ubicación/localización actual Ubicación en estantería Fecha de adquisición Número de inventario Total de préstamos Signatura topográfica completa Código de barras Fecha visto por última vez Precio válido a partir de Tipo de ítem Koha Número de copia
      Excluido de préstamo Monografías: Libros y Folletos General General Depósito 06.12.2010 LF1   839.736 S456b 23390-10 25.06.2020 25.06.2020 No se presta  
  Extraviado   Excluido de préstamo Monografías: Libros y Folletos General General Extraviado 22.05.2017 LF1   839.736 S456b 23390-20 25.06.2020 25.06.2020 No se presta e. 2
  Extraviado     Monografías: Libros y Folletos General General Extraviado 22.05.2017 LF1   839.736 S456b 23390-30 25.06.2020 25.06.2020 Préstamo en sala e. 3

Powered by Koha